US States' Second Most Practiced Religion - Statistics

General Stats
  • This quiz has been taken 569 times
  • The average score is 46 of 50
Answer Stats
State Religion % Correct
Alabama Islam
99%
Arkansas Islam
99%
Florida Islam
99%
Georgia Islam
99%
Illinois Islam
99%
Indiana Islam
99%
Iowa Islam
99%
Kentucky Islam
99%
Louisiana Islam
99%
Michigan Islam
99%
Mississippi Islam
99%
Nebraska Islam
99%
North Carolina Islam
99%
North Dakota Islam
99%
South Dakota Islam
99%
Texas Islam
99%
Virginia Islam
99%
West Virginia Islam
99%
Wisconsin Islam
99%
Wyoming Islam
99%
Delaware Hindu
91%
New Mexico Hindu
91%
Connecticut Judaism
88%
Maine Judaism
88%
Maryland Judaism
88%
Massachusetts Judaism
88%
Minnesota Judaism
88%
Missouri Judaism
88%
New Hampshire Judaism
88%
New Jersey Judaism
88%
New York Judaism
88%
Ohio Judaism
88%
Pennsylvania Judaism
88%
Rhode Island Judaism
88%
Tennessee Judaism
88%
Vermont Judaism
88%
Alaska Buddhism
87%
Arizona Buddhism
87%
California Buddhism
87%
Colorado Buddhism
87%
Hawaii Buddhism
87%
Idaho Buddhism
87%
Kansas Buddhism
87%
Montana Buddhism
87%
Nevada Buddhism
87%
Oklahoma Buddhism
87%
Oregon Buddhism
87%
Utah Buddhism
87%
Washington Buddhism
87%
South Carolina Baha'i
39%
No matching quizzes found
Score Distribution
Percent of People with Each Score
Percentile by Number Answered
Your Score History
You have not taken this quiz